Statistiques concernant Pays par compagnies crées

Cliquez ici pour prendre le quiz!

Statistiques générales

  • Ce quiz a été pris 145 fois
  • Le résultat moyen est 12 sur 15

Statistiques - réponses

CompagniesPays% Correct
MicrosoftÉtats-Unis
100%
GoogleÉtats-Unis
99%
Mc Donald'sÉtats-Unis
97%
AmazonÉtats-Unis
97%
NintendoJapon
97%
ToyotaJapon
96%
VolkswagenAllemagne
95%
SamsungCorée du sud
89%
SegaJapon
85%
La baie d'HudsonCanada
76%
UbisoftFrance
76%
Les Jeux OlympiquesGrèce
72%
GazpromRussie
66%
BombardierCanada
53%
VidéotronCanada
43%

Distribution des résultats

Percentile par nombre de réponses

% des personnes avec chaque résultat

Votre développement - résultats

Vous n’avez pas pris ce quiz